Liberation and the aims of science : An essay on obstacles to the building of a beautiful world
Chapter 1. Objectivity and commitment in the physical sciences; Chapter 2. The copernican Revolution: a study of paradigms and commitments; Chapter 3. The breakdown of the Newtoian paradigm: a study of Crisis; ... ...
সংরক্ষণ করুন:
| প্রধান লেখক: | |
|---|---|
| বিন্যাস: | গ্রন্থ |
| ভাষা: | Undetermined |
| প্রকাশিত: |
London
Chatto & Windus for Sussex University Press
1973
|
| বিষয়গুলি: | |
| ট্যাগগুলো: |
ট্যাগ যুক্ত করুন
কোনো ট্যাগ নেই, প্রথমজন হিসাবে ট্যাগ করুন!
|
| Thư viện lưu trữ: | Trung tâm Học liệu Trường Đại học Cần Thơ |
|---|
| LEADER | 00870nam a2200217Ia 4500 | ||
|---|---|---|---|
| 001 | CTU_226272 | ||
| 008 | 210402s9999 xx 000 0 und d | ||
| 082 | |a 306.4 | ||
| 082 | |b E13 | ||
| 100 | |a Easlea, Brian | ||
| 245 | 0 | |a Liberation and the aims of science : | |
| 245 | 3 | |b An essay on obstacles to the building of a beautiful world | |
| 245 | 0 | |c Brian Easlea | |
| 260 | |a London | ||
| 260 | |b Chatto & Windus for Sussex University Press | ||
| 260 | |c 1973 | ||
| 520 | |a Chapter 1. Objectivity and commitment in the physical sciences; Chapter 2. The copernican Revolution: a study of paradigms and commitments; Chapter 3. The breakdown of the Newtoian paradigm: a study of Crisis; ... ... | ||
| 650 | |a Science,Khoa học | ||
| 650 | |x Social aspects,Khía cạnh xã hội | ||
| 910 | |b nthai | ||
| 980 | |a Trung tâm Học liệu Trường Đại học Cần Thơ | ||